Mystic healers & medicine shows : (Record no. 960)

MARC details
000 -LEADER
fixed length control field 01010cam a2200313 a 4500
005 - DATE AND TIME OF LATEST TRANSACTION
control field 20260322212041.0
008 - FIXED-LENGTH DATA ELEMENTS--GENERAL INFORMATION
fixed length control field data
010 ## - LIBRARY OF CONGRESS CONTROL NUMBER
LC control number 96-34432
020 ## - INTERNATIONAL STANDARD BOOK NUMBER
International Standard Book Number 9780941270946 (cloth : alk. paper)
020 ## - INTERNATIONAL STANDARD BOOK NUMBER
International Standard Book Number 0941270947 (cloth : alk. paper)
020 ## - INTERNATIONAL STANDARD BOOK NUMBER
International Standard Book Number 9780941270953 (pbk. : alk. paper)
020 ## - INTERNATIONAL STANDARD BOOK NUMBER
International Standard Book Number 0941270955 (pbk. : alk. paper)
040 ## - CATALOGING SOURCE
Original cataloging agency DLC
Transcribing agency DLC
Modifying agency DLC
041 09 - LANGUAGE CODE
Language code of text/sound track or separate title eng
044 ## - COUNTRY OF PUBLISHING/PRODUCING ENTITY CODE
-- United States
060 10 - NATIONAL LIBRARY OF MEDICINE CALL NUMBER
Classification number WZ 140 AA1
Item number M9 1997
092 ## - LOCALLY ASSIGNED DEWEY CALL NUMBER (OCLC)
Classification number 615.8 M9 1997
001 - CONTROL NUMBER
control field data
245 00 - TITLE STATEMENT
Title Mystic healers & medicine shows :
Remainder of title blazing trails to wellness in the Old West and beyond /
Statement of responsibility, etc. edited by Gene Fowler.
246 3# - VARYING FORM OF TITLE
Title proper/short title Mystic healers and medicine shows
260 ## - PUBLICATION, DISTRIBUTION, ETC.
Place of publication, distribution, etc. Santa Fe, N.M. :
Name of publisher, distributor, etc. Ancient City Press,
Date of publication, distribution, etc. c1997.
300 ## - PHYSICAL DESCRIPTION
Extent vi, 202 p. :
Other physical details ill., ports.
500 ## - GENERAL NOTE
General note Includes index.
650 12 - SUBJECT ADDED ENTRY--TOPICAL TERM
Topical term or geographic name entry element Mental Healing
Geographic subdivision United States
650 22 - SUBJECT ADDED ENTRY--TOPICAL TERM
Topical term or geographic name entry element History, 19th Century
Geographic subdivision United States
650 22 - SUBJECT ADDED ENTRY--TOPICAL TERM
Topical term or geographic name entry element Quackery
General subdivision history
Geographic subdivision United States
655 #2 - INDEX TERM--GENRE/FORM
Genre/form data or focus term Biography
700 1# - ADDED ENTRY--PERSONAL NAME
Personal name Fowler, Gene,
Dates associated with a name 1950-
Holdings
Withdrawn status Lost status Damaged status Not for loan Home library Current library Shelving location Date acquired Total checkouts Full call number Barcode Date last seen Price effective from Koha item type
        Pleasant Valley Pleasant Valley General stacks 22/03/2026   GEN BC0010992 22/03/2026 22/03/2026 Books